[Event "Halden CC-ch"]
[Site "Halden"]
[Date "2012.01.24"]
[Round "7"]
[White "Juliussen, Rolv"]
[Black "Oberg, Lasse"]
[Result "1-0"]
[WhiteElo "1182"]
[BlackElo "1004"]
[PlyCount "43"]
[EventDate "2012.01.24"]
[EventType "swiss"]
[EventRounds "9"]
[EventCountry "NOR"]
[SourceTitle "EXT 2024"]
[Source "ChessBase"]
[SourceDate "2023.10.10"]
[SourceVersion "1"]
[SourceVersionDate "2023.10.10"]
[SourceQuality "1"]

1. e4 Nc6 2. d4 e5 3. Nf3 exd4 4. Nxd4 Nxd4 5. Qxd4 d6 6. Nc3 Qe7 7. Nd5 Qd7 8. Bd3 c5 9. Qc3 Qd8 10. 0-0 Ne7 11. Re1 Nxd5 12. exd5+ Kd7 13. Bd2 Kc7 14. b4 Qf6 15. Qc4 Bd7 16. a4 Re8 17. b5 Rxe1+ 18. Rxe1 b6 19. a5 Qd4 20. Qa2 c4 21. Be3 Qf6 22. axb6+ 1-0

[Event "Halden CC-ch"]
[Site "Halden"]
[Date "2012.01.24"]
[Round "4"]
[White "Lindstrom, Ulf"]
[Black "Juliussen, Rolv"]
[Result "1/2-1/2"]
[WhiteElo "800"]
[BlackElo "1182"]
[PlyCount "99"]
[EventDate "2012.01.24"]
[EventType "swiss"]
[EventRounds "9"]
[EventCountry "NOR"]
[SourceTitle "EXT 2024"]
[Source "ChessBase"]
[SourceDate "2023.10.10"]
[SourceVersion "1"]
[SourceVersionDate "2023.10.10"]
[SourceQuality "1"]

1. e4 c5 2. Nf3 Nc6 3. d4 cxd4 4. Nxd4 d6 5. Nxc6 bxc6 6. c4 e6 7. Bf4 Nf6 8. e5 Qa5+ 9. Qd2 Qxd2+ 10. Nxd2 dxe5 11. Bxe5 Ng4 12. Nf3 Bb4+ 13. Bc3 Bxc3+ 14. bxc3 Rb8 15. h3 Nf6 16. Nd4 Bd7 17. Bd3 0-0 18. 0-0 Rb2 19. Rfb1 Rfb8 20. Rxb2 Rxb2 21. a3 c5 22. Nf3 h6 23. Ne5 Ba4 24. Rb1 Rxb1+ 25. Bxb1 Ne8 26. Nd3 Bb3 27. Nxc5 Bxc4 28. Nd7 Nd6 29. Ne5 Bb3 30. f3 Nb5 31. Nc6 Nxa3 32. Bd3 Kf8 33. Nxa7 Ke8 34. Nb5 Nxb5 35. Bxb5+ Kd8 36. Kf2 Kc7 37. Ke3 Kb6 38. c4 Kc5 39. Kd3 e5 40. g4 Bd1 41. Ke4 f6 42. f4 exf4 43. Kxf4 Be2 44. Kf5 Bd3+ 45. Ke6 Bg6 46. h4 Bd3 47. Kf7 Be2 48. Kxg7 Bxg4 49. Kxf6 h5 50. Ke5 1/2-1/2

[Event "Halden CC-ch"]
[Site "Halden"]
[Date "2012.01.24"]
[Round "9"]
[White "Samuelsen, Terje C"]
[Black "Juliussen, Rolv"]
[Result "1-0"]
[WhiteElo "1205"]
[BlackElo "1182"]
[PlyCount "121"]
[EventDate "2012.01.24"]
[EventType "swiss"]
[EventRounds "9"]
[EventCountry "NOR"]
[SourceTitle "EXT 2024"]
[Source "ChessBase"]
[SourceDate "2023.10.10"]
[SourceVersion "1"]
[SourceVersionDate "2023.10.10"]
[SourceQuality "1"]

1. Nc3 d5 2. e4 d4 3. Nce2 Nc6 4. Nf3 e5 5. Ng3 Nf6 6. Bc4 h6 7. d3 a6 8. Bd2 Bd6 9. h3 Ne7 10. 0-0 b5 11. Bb3 c5 12. Qe1 a5 13. a3 Bc7 14. Bd5 Nfxd5 15. exd5 Qxd5 16. Qe4 Qxe4 17. Nxe4 c4 18. dxc4 bxc4 19. Rfe1 0-0 20. Ng3 Ng6 21. Re2 Bb7 22. Nh2 Rfe8 23. Rae1 Ra6 24. f4 Rae6 25. f5 Rb6 26. fxg6 Rxg6 27. Ne4 Bb6 28. Kh1 Ree6 29. Rf1 a4 30. Bb4 Ba6 31. c3 d3 32. Ree1 Bc8 33. Nf3 Bd8 34. Nc5 Ref6 35. Nxe5 d2 36. Nxg6 Rxf1+ 37. Rxf1 fxg6 38. Rd1 Bg5 39. Ne4 Be3 40. Nxd2 Bxd2 41. Rxd2 Bf5 42. Rd5 Bc2 43. Kg1 Kf7 44. Kf2 g5 45. Ke3 Ke6 46. Kd4 Bb3 47. Re5+ Kf7 48. Kd5 Kg6 49. g4 h5 50. Re6+ Kh7 51. gxh5 Bc2 52. Ke5 Bd1 53. Kf5 Bxh5 54. Kxg5 g6 55. Re7+ Kg8 56. Kf6 Kf8 57. Ra7+ Ke8 58. Rxa4 Kd7 59. Bf8 Kc6 60. Rxc4+ Kb5 61. Rb4+ 1-0

[Event "Halden Autumn"]
[Site "Halden"]
[Date "2011.??.??"]
[Round "7"]
[White "Juliussen, Rolv"]
[Black "Skaug, Thorbjorn"]
[Result "1/2-1/2"]
[WhiteElo "1192"]
[BlackElo "1115"]
[PlyCount "68"]
[EventDate "2011.08.30"]
[EventType "swiss"]
[EventRounds "9"]
[EventCountry "NOR"]
[SourceTitle "EXT 2024"]
[Source "ChessBase"]
[SourceDate "2023.10.10"]
[SourceVersion "1"]
[SourceVersionDate "2023.10.10"]
[SourceQuality "1"]

1. e4 e6 2. d4 a6 3. Nf3 b5 4. a4 b4 5. c3 c5 6. Bd2 a5 7. Bb5 Bb7 8. Qe2 Nf6 9. Bg5 Be7 10. Nbd2 0-0 11. 0-0 d6 12. Rfe1 Nbd7 13. Rad1 Qc7 14. e5 Nd5 15. c4 Bxg5 16. Nxg5 Nf4 17. Qg4 Ng6 18. Ndf3 h6 19. Nh3 dxe5 20. dxe5 Bxf3 21. Qxf3 Ndxe5 22. Qe4 Rfd8 23. f4 Ng4 24. g3 Nf6 25. Qg2 Rab8 26. b3 Rxd1 27. Rxd1 Rd8 28. Rxd8+ Qxd8 29. Nf2 Qc7 30. Qf3 Ne7 31. g4 Ng6 32. Nd3 Kh7 33. Bc6 Qd6 34. Kf2 Qd4+ 1/2-1/2